00308nam a2200133Ia 4500003000400000008004100004082001600045100002200061245004100083250000800124260002500132300000900157650000800166OSt191201s2011 xx 000 0 und d a658.15bCHF aCHANDRA, Prasanna 0aFundamentals of Financial Management aRep aNew delhibTMHc2011 aMISC aMBA